Schlecht gezeichnete Harry Potter Objekte - Statistiken

Allgemein
  • Dieses Quiz wurde 34 mal gespielt
    28 seit der letzten Aktualisierung
  • Das Durchschnittsergebnis liegt bei 6 aus 16
Antwortstatistiken
Bildquiz Antwort % Korrekt
Der sprechende Hut
71%
Elderstab
71%
Karte des Rumtreibers
71%
Goldener Schnatz
54%
Zeitumkehrer
50%
Quaffel
46%
Trimagischer Pokal
42%
Tom Riddles Tagebuch
33%
Heuler
29%
Nimbus 2001
29%
Liebestrank
21%
Deluminator
13%
Godric Gryffindors Schwert
13%
Rowena Ravenclaws Diadem
8%
Bertie Botts Bohnen
4%
Felix filicius
4%
Keine übereinstimmenden Quizze gefunden
Verteilung der Resultate
Anzahl Personen mit jedem Resultat
Perzentil nach korrekt beantworteten Fragen
Ihre Resultats-Entwicklung
Sie haben dieses Quiz seit der letzten Aktualisierung nicht gespielt